Joueurs français passés par le Bayern Munich - Statistiques

Statistiques générales
  • Ce quiz a été pris 827 fois
    207 depuis la dernière actualisation
  • Le résultat moyen est 10 sur 16
Statistiques - réponses
Années Matchs Nom % Correct
2007-2019 425 Franck Ribery
97%
2015- 336 Kingsley Coman
94%
2021- 148 Dayot Upamecano
88%
1997-2006 273 Bixente Lizarazu
87%
2024- 51 Michael Olise
87%
2019-2023 107 Lucas Hernandez
81%
2019-2023 163 Benjamin Pavard
77%
2017-2022 118 Corentin Tolisso
77%
2022-2025 83 Mathys Tel
63%
2000-2009 277 Willy Sagnol
55%
2024- 20 Sacha Boey
51%
2019-2022 13 Michaël Cuisance
40%
1994-1996 40 Jean-Pierre Papin
35%
2020-2022 28 Tanguy Nianzou
18%
2000-2002 0 Alou Diarra
8%
2005-2008 46 Valérien Ismaël
8%
Aucun quiz correspondant
Distribution des résultats
% des personnes avec chaque résultat
Percentile par nombre de réponses
Votre historique - résultats
Vous n’avez pas pris ce quiz depuis la dernière actualisation